Logo BPK

Biblioteka

Politechniki Koszalińskiej

Język rosyjski dla fizyków z ćwiczeniami do laboratorium językowego / (Rekord nr 19952)

Szczegóły MARC
000 -ETYKIETA REKORDU
podpole kontrolne o stałej długości 00488nam a2200169 i 4500
001 - NUMER KONTROLNY REKORDU
pole kontrolne bg
040 ## - ŹRÓDŁO KATALOGOWANIA
Instytucja, która utworzyła rekord BPK
041 ## - KOD JĘZYKA
Kod języka tekstu pol
080 ## - UNIWERSALNA KLASYFIKACJA DZIESIĘTNA - UKD
UKD 808.2:53](075.8)
008 - POLE O STAŁEJ DŁUGOŚCI - DANE KONTROLNE
podpole kontrolne o stałej długości s pl f |000 0 pol
100 1# - NAZWA OSOBOWA
Nazwa osobowa DAJEWSKA, Czesława
245 #0 - TYTUŁ/ODPOWIEDZIALNOŚĆ
Tytuł Język rosyjski dla fizyków z ćwiczeniami do laboratorium językowego /
Pozostałe elementy strefy tytułu i oznaczenia odpowiedzialności Czesława Dajewska, Witold J. Dajewski.
250 ## - STREFA WYDANIA
Oznaczenie wydania Wyd.3 rozsz. i popr.
260 ## - STREFA ADRESU WYDAWNICZEGO
Miejsce wydania Katowice,
Data publikacji, dystrybucji/powstania dokumentu 1981.
700 1# - HASŁO DODATKOWE - NAZWA OSOBOWA
Nazwa osobowa DAJEWSKI, Witold J.
856 ## - LOKALIZACJA I DOSTĘP DO ELEKTRONICZNYCH DOKUMENTÓW ZDALNYCH
Link (URL) http://koha.tu.koszalin.pl/cgi-bin/koha/opac-detail.pl?biblionumber=19952
Tekst linku Katalog online BPK
942 ## - DODATKOWE ELEMENTY (KOHA)
Typ dokumentu Książka
Egzemplarze
Wycofany Status egzemplarza Uszkodzony Dostępność Lokalizacja stała Lokalizacja bieżąca Miejsce przechowywania Sygnatura Kod kreskowy Typ dokumentu
      Dostępny Biblioteka Politechniki Koszalińskiej Biblioteka Politechniki Koszalińskiej Wypożyczalnia BG 28152 01657258 Książka
© 2023 Biblioteka Politechniki Koszalińskiej :: KOHA